Revista Mexicana de Literatura : nueva época : abril-mayo 1960 /

Guardado en:
書目詳細資料
其他作者: García Ponce, Juan (dirección) (dirección), Segovia, Tomás (dirección) (dirección)
格式: 圖書
語言:西班牙语
出版: México : Revista Mexicana de Literatura, 1960
標簽: 添加標簽
沒有標簽, 成為第一個標記此記錄!

MARC

LEADER 00000nam^a2200000^a^4500
001 000594316
005 20250521000000.0
009 20260310133024.316
037 |a Acervo Xavier Clavigero 
041 |a ESP 
091 |a FDU. 00146 
240 1 1 |a [Revista mexicana de literatura] 
245 0 0 |a Revista Mexicana de Literatura :  |b nueva época : abril-mayo 1960 / 
264 1 |a México :  |b Revista Mexicana de Literatura,  |c 1960 
300 |a 60 p. 
336 |a texto  |b txt  |2 rdacontenido 
337 |a sin mediación  |b n  |2 rdamedio 
338 |a volumen  |b nc  |2 rdasoporte 
649 |a XX 
700 |a García Ponce, Juan  |e (dirección) 
700 |a Segovia, Tomás  |e (dirección) 
910 |a Fondo Víctor Raúl Durana Valerio S.J. 
920 |a Impresos - Libros 
930 |a Fondos Especiales 
940 |a Literatura 
905 |a 116 
901 |a 594316-10  |b IT2  |c ESP  |i D4315  |u 20250521 
902 |a https://opac.biblio.iteso.mx/vufind/Record/000594316